000 00642nam a22001817a 4500
008 160328b xxu||||| |||| 00| 0 eng d
020 _a9789718171721
082 _22011
_aDFil 510.761
_bR66
100 _94373
_aRomeral, Cipriano B., Jr.
245 _aTechniques in solving algebraic word problems:
_bwork problems/
_cCipriano B. Romeral, Jr.
260 _aManila:
_bBooklore Publishing Corp.,
_cc2011.
300 _a77 pages:
_c20.5 cm.
650 0 _94374
_aProblem solving
_xPopular works
650 0 _94375
_aWord problems (mathematics)
_xPopular work
700 _94404
_aLabao, Charito, Editor
365 _b305.25
_cPhp.
942 _2ddc
_cDFIL
999 _c1442
_d1442